| 000 | 00575nam a2200217 a 4500 | ||
|---|---|---|---|
| 005 | 20210219151540.0 | ||
| 008 | 991125s1975 lon 000 0 eng u | ||
| 020 | _a333181956 | ||
| 035 | _aUPN01000036102 | ||
| 049 | _aF | ||
| 050 | 4 |
_aPE1117 L3 _bD9.4 |
|
| 100 | 1 | _aDyke, John | |
| 245 | 1 | 0 |
_aMagic colour / _cartist John Dyke |
| 260 |
_aLondon : _bMacMillan, _c1975 |
||
| 300 |
_a[16] p. : _bprincipalmente |
||
| 440 | 0 | _aLanguage in action | |
| 520 | _aDatos tomados de la cubierta | ||
| 902 | _aCAV CARLOS AGUILAR VILLA | ||
| 904 |
_aAC _b036103 |
||
| 905 | _aLibro | ||
| 999 |
_c36102 _d36102 |
||